书目信息 |
| 题名: |
累死你的不是工作是方法
|
|
| 作者: | 霁阳 编著 | |
| 分册: | ||
| 出版信息: | 北京 中国商业出版社 2017 |
|
| 页数: | 222页 | |
| 开本: | 24cm | |
| 丛书名: | ||
| 单 册: | ||
| 中图分类: | B026-49 | |
| 科图分类: | ||
| 主题词: | 工作方法--通俗读物 | |
| 电子资源: | ||
| ISBN: | 978-7-5044-9593-8 | |
| 000 | 00710nam0 2200229 450 | |
| 001 | 012001000002 | |
| 005 | 20140920091301.0 | |
| 010 | @a978-7-5044-9593-8@dCNY38.00 | |
| 100 | @a20170328d2017 em y0chiy50 ea | |
| 101 | 0 | @achi |
| 102 | @aCN@b110000 | |
| 105 | @ay z 000yy | |
| 106 | @ar | |
| 200 | 1 | @a累死你的不是工作是方法@9Lei Si Ni De Bu Shi Gong Zuo Shi Fang Fa@f霁阳编著 |
| 210 | @a北京@c中国商业出版社@d2017 | |
| 215 | @a222页@d24cm | |
| 330 | @a本书告诉读者如何用正确的方法、科学的方法进行工作,从而提升你在职场中的竞争力。 | |
| 606 | 0 | @a工作方法@j通俗读物 |
| 690 | @aB026-49@v5 | |
| 701 | 0 | @a霁阳@9Ji Yang@4编著 |
| 801 | 0 | @aCN@b上海新华@c20180901 |
| 905 | @b1040000-04@dB026-49@e129@f5 | |
| 累死你的不是工作是方法/霁阳编著.-北京:中国商业出版社,2017 |
| 222页;24cm |
| ISBN 978-7-5044-9593-8:CNY38.00 |
| 本书告诉读者如何用正确的方法、科学的方法进行工作,从而提升你在职场中的竞争力。 |
| ● |
| 相关链接 |
|
|
|
|
正题名:累死你的不是工作是方法
索取号:B026-49/129
 
预约/预借
| 序号 | 登录号 | 条形码 | 馆藏地/架位号 | 状态 | 备注 |
| 1 | 1040000 | 210400001 | 第一样本阅览室/ [索取号:B026-49/129] | 在馆 | |
| 2 | 1040001 | 210400010 | 第一借阅区/ [索取号:B026-49/129] | 在馆 | |
| 3 | 1040002 | 210400029 | 第一借阅区/ [索取号:B026-49/129] | 在馆 | |
| 4 | 1040003 | 210400038 | 第一借阅区/ [索取号:B026-49/129] | 在馆 | |
| 5 | 1040004 | 210400047 | 第一借阅区/ [索取号:B026-49/129] | 在馆 |